Utilization of chaya leave (cnidosolus chayamansa) To replacing of fish meal for growing quailat at animal station of (RUA); ការប្រើប្រាស់ស្លឹកឆៃយ៉ា (cnidosolus chayamansa) ជំនួសម្សៅត្រីលើការលូតាលាស់របស់ក្រួចសាច់នៅស្ថានីយពិសោធន៏សត្វ នៃសាកលវិទ្យាល័យភូមិន្ទកសិកម្ម (Record no. 7407)

000 -LEADER
fixed length control field 00868nam a22001337a 4500
040 ## - CATALOGING SOURCE
Transcribing agency RUA
082 ## - DEWEY DECIMAL CLASSIFICATION NUMBER
Classification number ANS KHE 2014 B445 Or.1
100 ## - MAIN ENTRY--AUTHOR NAME
Personal name KHENG SOKHAK; ខេង សុខហាក់
245 ## - TITLE STATEMENT
Title Utilization of chaya leave (cnidosolus chayamansa) To replacing of fish meal for growing quailat at animal station of (RUA); ការប្រើប្រាស់ស្លឹកឆៃយ៉ា (cnidosolus chayamansa) ជំនួសម្សៅត្រីលើការលូតាលាស់របស់ក្រួចសាច់នៅស្ថានីយពិសោធន៏សត្វ នៃសាកលវិទ្យាល័យភូមិន្ទកសិកម្ម
260 ## - PUBLICATION, DISTRIBUTION, ETC. (IMPRINT)
Place of publication Phnom Penh
Name of publisher RUA
Year of publication 2014
300 ## - PHYSICAL DESCRIPTION
Number of Pages x;50p.
Other physical details ill.
Dimensions 29cm.
856 ## - ELECTRONIC LOCATION AND ACCESS
Uniform Resource Identifier https://drive.google.com/file/d/1kY9MC_kBb1uzMgxrNyn-kGweEPrWiQPh/view?usp=sharing
942 ## - ADDED ENTRY ELEMENTS (KOHA)
Koha item type ANS
952 ## - LOCATION AND ITEM INFORMATION (KOHA)
Withdrawn status [LOCAL, KOHA] 0
952 ## - LOCATION AND ITEM INFORMATION (KOHA)
Withdrawn status [LOCAL, KOHA] 0
952 ## - LOCATION AND ITEM INFORMATION (KOHA)
Withdrawn status [LOCAL, KOHA] 0
952 ## - LOCATION AND ITEM INFORMATION (KOHA)
Withdrawn status [LOCAL, KOHA] 0
952 ## - LOCATION AND ITEM INFORMATION (KOHA)
Withdrawn status [LOCAL, KOHA] 0
952 ## - LOCATION AND ITEM INFORMATION (KOHA)
Withdrawn status [LOCAL, KOHA] 0
952 ## - LOCATION AND ITEM INFORMATION (KOHA)
Withdrawn status [LOCAL, KOHA] 0
952 ## - LOCATION AND ITEM INFORMATION (KOHA)
Withdrawn status [LOCAL, KOHA] 0
Holdings
Permanent Location Date acquired Koha item type Lost status Shelving location Barcode Current Location Full call number
Library Block B2016-03-04ANS B445RUA054336Library Block BANS KHE 2014 B445 Or.1
Library Block B2016-03-04ANS B445RUA054477Library Block BANS KHE 2014 B445 Or.2
Library Block B2016-03-04ANS B445RUA053977Library Block BANS KHE 2014 B445 Or.3
Library Block B2016-03-04ANS B445RUA054551Library Block BANS KHE 2014 B445 Or.4
Library Block B2016-03-04ANS B445RUA054328Library Block BANS KHE 2014 B445 Or.5
Library Block B2016-03-04ANS B445RUA054388Library Block BANS KHE 2014 B445 Or.6
Library Block B2016-03-04ANS B445RUA054448Library Block BANS KHE 2014 B445 Or.7
Library Block B2016-03-04ANS B445RUA054508Library Block BANS KHE 2014 B445 Or.8
មជ្ឈមណ្ឌលឯការនៃសាកលវិទ្យាល័យភូមិន្ទកសិកម្មចំការដូង

Powered by Koha